| 000 | 01419nam0a2200349 i 4500 | ||
|---|---|---|---|
| 001 | RU\NLR\BIBL_A\010009737 | ||
| 005 | 20260406075059.0 | ||
| 010 |
_a9785699609154 _915000 |
||
| 021 |
_aRU _b2013-73414 _9568д/13 |
||
| 035 | _a(NILC)RuMoRGB-006673303 | ||
| 035 | _a(NLR Aleph) 010009737 | ||
| 090 |
_a9847451 _c9847451 |
||
| 100 | _a20131203d2013 um y0rusy50 ca | ||
| 101 | 0 | _arus | |
| 102 | _aRU | ||
| 105 | _aa|||||||||||| | ||
| 200 | 9 |
_aЭкзотические птицы _eяркое царство пернатых _e[для старшего школьного возраста] _fЮ. К. Школьник _gпо ред. А. Мешик _gил. авт. |
|
| 210 |
_aМосква _cЭксмо _d2013 |
||
| 215 |
_a63 с. _cцв. ил., табл. _d24 |
||
| 225 | 1 | _aПопулярная научно-практическая энциклопедия современных знаний | |
| 333 | _a6+ | ||
| 606 | 1 |
_aЭкзотические птицы _jЭнциклопедии для детей _92519551 _3RU\NLR\AUTH\661493116 |
|
| 675 | _a598.2(0.062) | ||
| 686 | 0 |
_aШ9 _bЕ693.35 |
|
| 700 | 1 |
_7ca _8rus _aШкольник _bЮ. К. _gЮлия Константиновна _919302 _3RU\NLR\AUTH\7736312 |
|
| 801 | 0 |
_aRU _bRuMoRKP _c20130912 _gRCR |
|
| 801 | 2 |
_aRU _bРГБ _c20131011 _grcr |
|
| 801 | 1 |
_aRU _bRuMoRKP _c20130912 _2rusmarc |
|
| 942 | _cBOOK | ||
| 980 | _aNBR | ||